000 00245nam a2200097Ia 4500
005 20251222114352.0
008 251222s1900||||xx |||||||||||||| ||spa||
082 _aDVD0010/S84E/1968
245 0 _aEstación polar zebra:Ice Station Zebra
942 _cDVD
999 _c1289
_d1289